Global tea science : current status and future needs

Saved in:
Bibliographic Details
Other Authors Sharma, V. S. (Editor), Kumudini Gunasekare, M. T. (Editor)
Format Book
LanguageEnglish
Published Sawston, Cambridge ; Philadelphia, PA : Burleigh Dodds Science Publishing, 2018
EditionFirst published
SeriesBurleigh Dodds series in agricultural science
Subjects
ISBN978-1-78676-160-6
ISSN2059-6936 ;
Physical Descriptionxx, 537 stran : barevné ilustrace ; 24 cm

Cover

LEADER 00000nam a2200000 i 4500
001 115689
003 CZ-ZlUTB
005 20260529085400.0
007 ta
008 260521s2018 xxka f 001 0 eng d
020 |a 978-1-78676-160-6  |q (vázáno) 
040 |a ZLD002  |b cze  |e rda 
044 |a xxk  |a xxu 
072 7 |a 631  |x Zemědělství. Pedologie. Agrotechnika. Agroekologie  |2 Konspekt  |9 24 
080 |a 663.95  |2 MRF 
080 |a 631.1.017.1  |2 MRF 
080 |a 631.52  |2 MRF 
080 |a 604.6:582  |2 MRF 
080 |a (048.8:082)  |2 MRF 
245 0 0 |a Global tea science :  |b current status and future needs /  |c edited by V. S. Sharma and M. T. Kumudini Gunasekare 
250 |a First published 
264 1 |a Sawston, Cambridge ;  |a Philadelphia, PA :  |b Burleigh Dodds Science Publishing,  |c 2018 
300 |a xx, 537 stran :  |b barevné ilustrace ;  |c 24 cm 
336 |a text  |b txt  |2 rdacontent 
337 |a bez média  |b n  |2 rdamedia 
338 |a svazek  |b nc  |2 rdacarrier 
490 1 |a Burleigh Dodds series in agricultural science,  |x 2059-6936 ;  |v number 41 
504 |a Obsahuje bibliografické odkazy a rejstřík 
650 0 7 |a čaj  |7 ph135501  |2 czenas 
650 0 7 |a plantáže  |7 ph503025  |2 czenas 
650 0 7 |a šlechtění rostlin  |7 ph127830  |2 czenas 
650 0 7 |a geneticky modifikované rostliny  |7 ph556170  |2 czenas 
650 0 9 |a tea  |2 eczenas 
650 0 9 |a plantations  |2 eczenas 
650 0 9 |a plant breeding  |2 eczenas 
650 0 9 |a genetically modified plants  |2 eczenas 
653 |a udržitelné zemědělství 
655 7 |a kolektivní monografie  |7 fd501537  |2 czenas 
655 9 |a collective monographs  |2 eczenas 
700 1 |a Sharma, V. S.  |4 edt 
700 1 |a Kumudini Gunasekare, M. T.  |4 edt 
830 0 |a Burleigh Dodds series in agricultural science 
910 |a ZLD002 
942 |2 udc 
952 |0 0  |1 0  |4 0  |5 0  |6 63GLOBAL  |7 0  |8 BOOK  |9 191259  |a UTBZL  |b UTBZL  |c 005  |d 2026-05-21  |l 0  |o 63/GLOBAL  |p 420010202163  |r 2026-05-21 15:33:43  |v 3272.00  |w 2026-05-21  |x N:nákup  |y 01 
992 |b SK 
999 |c 115689  |d 115689